The Only Way Is Essex (TOWIE) members - Statistics

General Stats
  • This quiz has been taken 188 times
  • The average score is 20 of 30
Answer Stats
Last Name First Name % Correct
McKenna Megan
96%
Meadows Chloe
95%
Lewis Chloe
95%
Sims Chloe
95%
Argent James
95%
Wicks Pete
95%
Bennewith James
93%
Locke James
93%
Collins Gemma
91%
Kousoulou Georgia
88%
Pope Lauren
86%
Falcone Mario
86%
Mallet Tommy
84%
Norris Bobby
82%
Edgar Dan
76%
Dowding Amber
73%
Turner Amber
73%
Hassini Mike
64%
Clark Jon
63%
Green Courtney
60%
Oukhellou Yazmin
55%
Clark Chris
49%
Barnett Myles
41%
Wright Carol
36%
Blackwell Liam
28%
King Charlie
26%
Reed Jamie
26%
Douglas Debbie
17%
Lacey Ruby
8%
Hooper Maddie
6%
No matching quizzes found
Score Distribution
Percent of People with Each Score
Percentile by Number Answered
Your Score History
You have not taken this quiz